000 00307nam a2200133 a 4500
005 20140414093826.0
008 090511s19uu xx 00 eng d
050 _aCDB 540
_bCHE 2008
245 _aChemistry textbook.
250 _a3rd edition
650 _aChemistry.
942 _cAVM
999 _c108466
_d108466